| 000 | 00000nam##2200000za#4500 |
| 001 | 9.683371 |
| 003 | CaOODSP |
| 005 | 20210615133521 |
| 007 | ta |
| 008 | 150407|2006||||xxc||||| f|0| 0 fre|d |
| 020 | |a0-662-72340-6 |
| 040 | |aCaOODSP|bfre |
| 043 | |an-cn--- |
| 086 | 1 |aT46-18/2006F |
| 110 | 1 |aCanada.|bTransports Canada. |bSécurité routière. |
| 245 | 10|aRouler sur l'air : |binformation cruciale sur la sûreté de vos pneus et sur l'environnement |
| 260 | |aOttawa - Ontario : |bTransports Canada. |cRévisée 2006, c1989. |
| 300 | |a[15]p. : |bphotographies ; |c23 cm. |
| 520 | 3 |aLe document intitulé Rouler sur l'air, publié par Transports Canada, vous fournit d'importants renseignements sur la sécurité des pneus. Vous y apprendrez notamment que des pneus bien gonflés, en plus d'assurer le fonctionnement sécuritaire de votre véhicule, réduisent la consommation de carburant. |
| 563 | |aCouverture souple |
| 590 | |a07-18|b2007-05-04 |
| 691 | 07|aSécurité routière|2gcpds |
| 691 | 07|aAutomobile|2gcpds |
| 691 | 07|aEntretien|2gcpds |
| 775 | 08|tRiding on air : |w(CaOODSP)9.650251 |
| 776 | 0#|tRouler sur l'air |w(CaOODSP)9.633130 |
| 986 | |aTP 2823F |